000 00393pam a2200157a 44500
008 230405s1986 xxu||||| |||| 00| 0 eng d
041 _aENG
100 _aJames ,R.C.
245 _aMathematics Dictionary
260 _aNEW DELHI
_bC.B.S. PUBLI.
_c1986
300 _a509p.
440 _aSource =RATNAKAR BOOK STALL MIRAJ
650 _aMATHEMATICS
690 _aMATHEMATICS
906 _a2913
999 _c783137
_d783137